NBA Players with 10,000+ Rebounds - Statistics

General Stats
  • This quiz has been taken 57 times
    10 since last reset
  • The average score is 39 of 49
Answer Stats
Place Rebounds Position Team Player Playing Career % Correct
5th 16,330* C CHI,SAS Artis Gilmore 1971-1988
100%
45th 10,400 C DET Bill Laimbeer 1980-1993
100%
2nd 21,620 C BOS Bill Russell 1956-1969
100%
44th 10,444 C BOS Dave Cowens 1970-1980, 1982-1983
100%
32nd 11,256 PF PHI Dolph Schayes 1948-1964
100%
11th 14,627 C ORL,LAL,HOU Dwight Howard 2004-2022
100%
4th 17,440 C MIL,LAL Kareem Abdul-Jabbar 1969-1989
100%
8th 14,968 PF UTA Karl Malone 1985-2004
100%
10th 14,662 PF MIN,BOS Kevin Garnett 1995-2016
100%
24th 12,095 SF/PF CLE,MIA,LAL LeBron James 2003-present
100%
3rd 17,834* C HOU,PHI Moses Malone 1974-1995
100%
12th 14,464 C/PF GSW Nate Thurmond 1963-1977
100%
31st 11,305 PF/C MEM,LAL,SAS Pau Gasol 2001-2019
100%
9th 14,715 C GSW,BOS Robert Parish 1976-1997
100%
7th 15,091 PF/C SAS Tim Duncan 1997-2016
100%
14th 13,769 C WAS Wes Unseld 1968-1981
100%
1st 23,924 C GSW,PHI,LAL Wilt Chamberlain 1959-1973
100%
28th 11,513 C DET,CHI,PHI Andre Drummond 2012-present
88%
19th 12,849 PF/C ATL Bob Pettit 1954-1965
88%
17th 13,017 PF BKN,POR,NYK Buck Williams 1981-1998
88%
20th 12,546 PF/SF PHI,PHX Charles Barkley 1984-2000
88%
41st 10,497 C SAS David Robinson 1989-2003
88%
30th 11,463 SF LAL Elgin Baylor 1958-1971
88%
6th 16,279 PF/C HOU,WAS Elvin Hayes 1968-1984
88%
15th 13,748 C HOU Hakeem Olajuwon 1984-2002
88%
26th 11,901 PF/C ATL,HOU,TOR,SAS Kevin Willis 1984-2005, 2007
88%
27th 11,607 C NYK Patrick Ewing 1985-2002
88%
48th 10,101 SF/PF PHX,DAL Shawn Marion 1999-2015
88%
43rd 10,467 C CHI,NOP,DAL,NYK Tyson Chandler 2001-2020
88%
13th 14,241 C WAS,NYK,ATL Walt Bellamy 1961-1974
88%
35th 10,861 C LAC,BKN,DEN,NOP DeAndre Jordan 2008-present
75%
25th 11,954 PF/SF DET,CHI Dennis Rodman 1986-2000
75%
29th 11,489 PF DAL Dirk Nowitzki 1998-2019
75%
39th 10,572 C UTA,MIN Rudy Gobert 2013-present
75%
16th 13,099 C ORL,LAL,MIA Shaquille O'Neal 1992-2011
75%
47th 10,208 PF/C POR,MEM Zach Randolph 2001-2019
75%
42nd 10,482 C/PF WAS,DET Ben Wallace 1996-2012
63%
23rd 12,205 PF CHI,NYK,TOR Charles Oakley 1985-2004
63%
21st 12,359 C DEN,ATL,HOU Dikembe Mutombo 1991-2009
63%
40th 10,525* SF PHI Julius Erving 1971-1987
63%
37th 10,707 C ORL,CHI,BOS Nikola Vučević 2011-present
63%
33rd 11,133* C/PF DEN Dan Issel 1970-1985
50%
36th 10,816 C/PF OKC,MIL Jack Sikma 1977-1991
50%
18th 12,942 PF SAC,NYK Jerry Lucas 1963-1974
50%
34th 11,054 PF/C ATL Bill Bridges 1963-1975
38%
49th 10,092 C PHI Johnny Kerr 1954-1966
25%
46th 10,370 PF/C SAC,HOU Otis Thorpe 1984-2001
25%
22nd 12,357 PF ATL,PHX,BOS,OKC Paul Silas 1964-1980
25%
38th 10,685* C/PF PHI,POR Caldwell Jones 1973-1990
0%
No matching quizzes found
Score Distribution
Percent of People with Each Score
Percentile by Number Answered
Your Score History
You have not taken this quiz since the last reset